[Event "TUR-chT Clubs"]
[Site "Konya"]
[Date "2019.07.20"]
[Round "7.11"]
[White "Yildirim, Yasin"]
[Black "Temel, Mustafa"]
[Result "1-0"]
[WhiteElo "1619"]
[BlackElo "1549"]
[PlyCount "103"]
[EventDate "2019.07.16"]
[EventType "team-swiss"]
[EventRounds "9"]
[EventCountry "TUR"]
[SourceTitle "CBM 191 Extra"]
[Source "ChessBase"]
[SourceDate "2019.09.30"]
[SourceVersion "1"]
[SourceVersionDate "2019.09.30"]
[SourceQuality "1"]
[WhiteTeam "Sungurlu Egitim Genclik"]
[BlackTeam "Karaman Onder Durmus"]
[WhiteTeamCountry "TUR"]
[BlackTeamCountry "TUR"]

1. d4 d5 2. Nc3 Nf6 3. Bf4 c6 4. e3 e6 5. Nf3 Bb4 6. Bd3 Qa5 7. 0-0 Bxc3 8. bxc3 Qxc3 9. a3 Qa5 10. Ne5 Nbd7 11. Qf3 c5 12. Rfb1 c4 13. Bf1 a6 14. Nxd7 Nxd7 15. Qg3 Rg8 16. Bc7 Qa4 17. e4 Nf6 18. e5 Nh5 19. Qh4 Qd7 20. Bd6 g6 21. g4 f6 22. gxh5 g5 23. Qg3 f5 24. Kh1 h6 25. Be2 Qh7 26. f4 b5 27. a4 bxa4 28. Rxa4 Ra7 29. Rab4 Qd7 30. Rb8 Kf7 31. Qa3 gxf4 32. Rg1 Rxg1+ 33. Kxg1 Rb7 34. Rxb7 Qxb7 35. Bf8 a5 36. Bxh6 Qb4 37. Qxb4 axb4 38. Bxf4 Bd7 39. Bd2 c3 40. Bc1 Ba4 41. Bd1 Be8 42. Kf2 Kg7 43. Kg3 Bf7 44. Kh4 Bg8 45. Kg5 Bh7 46. h4 Kf7 47. Kh6 Kg8 48. Bg5 f4 49. Bxf4 Be4 50. Kg5 Kf7 51. h6 Bh7 52. Bh5+ 1-0

[Event "TUR-chT2"]
[Site "Konya"]
[Date "2018.07.12"]
[Round "4.14"]
[White "Ozbag, Berat"]
[Black "Yildirim, Yasin"]
[Result "1-0"]
[WhiteElo "1721"]
[BlackElo "1579"]
[PlyCount "133"]
[EventDate "2018.07.10"]
[EventType "team-swiss"]
[EventRounds "9"]
[EventCountry "TUR"]
[SourceTitle "EXT 2019"]
[Source "ChessBase"]
[SourceDate "2018.10.10"]
[SourceVersion "1"]
[SourceVersionDate "2018.10.10"]
[SourceQuality "1"]
[WhiteTeam "Artvin Il Ozel"]
[BlackTeam "Coru Sunguluru Egitim"]
[WhiteTeamCountry "TUR"]
[BlackTeamCountry "TUR"]

1. d4 d5 2. c4 e5 3. dxe5 d4 4. Nf3 Nc6 5. g3 Nge7 6. Nbd2 Ng6 7. Bg2 Ngxe5 8. 0-0 Nxf3+ 9. Nxf3 Bc5 10. Qd3 h6 11. a3 a5 12. b3 0-0 13. Bb2 Qf6 14. Rfd1 Bf5 15. Qd2 Rad8 16. Ne1 Ne5 17. Qxa5 Bb6 18. Qd2 Ng4 19. Nd3 c6 20. c5 Bxd3 21. exd3 Bxc5 22. Rac1 Bb6 23. h3 Ne5 24. Qe2 Rfe8 25. Re1 Re6 26. f4 Nc4 27. Be4 Nxb2 28. Qxb2 Rde8 29. Kg2 Qd8 30. f5 Re5 31. Qf2 Qf6 32. Qf3 Qg5 33. Rcd1 h5 34. h4 Qh6 35. Re2 g6 36. f6 R8e6 37. Rf1 Bd8 38. Ref2 Qe3 39. a4 Qxf3+ 40. Rxf3 Rc5 41. b4 Rc2+ 42. R1f2 Rxf2+ 43. Rxf2 Bxf6 44. a5 Be7 45. b5 Re5 46. bxc6 bxc6 47. Ra2 Bc5 48. a6 Re7 49. Bxc6 Kg7 50. Bb7 Ba7 51. Rc2 Re3 52. Be4 f5 53. Rc7+ Kf6 54. Rxa7 fxe4 55. dxe4 Rxe4 56. Rd7 Re2+ 57. Kf3 Ra2 58. Rd6+ Kg7 59. Ke4 Ra4 60. Rd7+ Kf6 61. Rd6+ Kg7 62. Rb6 Kh6 63. Rc6 Kg7 64. Rc7+ Kh6 65. a7 d3+ 66. Kxd3 Rxa7 67. Rxa7 1-0